Capoluoghi di provincia con mappa - Statistics

Statistiche generali
  • Questo quiz è stato fatto 219 volte
  • Il punteggio medio è 76 su 112
Risposte nella Mappa
Le risposte nella mappa del quiz sottostante sono codificate secondo una scala di colori dal rosso al verde in base alla % di persone che hanno risposto correttamente.
 
Statistiche sulle risposte
Capoluogo % Corretto
Milano
95%
Genova
91%
Aosta
90%
Bergamo
89%
La Spezia
87%
Torino
87%
Bologna
85%
Cagliari
85%
Monza
85%
Venezia
85%
Como
84%
Trento
84%
Trieste
84%
Firenze
83%
Pisa
82%
Napoli
81%
Bari
80%
Brescia
80%
Bolzano
79%
Campobasso
79%
Palermo
79%
Roma
79%
Cremona
78%
Imperia
77%
Padova
77%
Rimini
77%
Udine
77%
L'Aquila
76%
Lecco
76%
Ancona
74%
Asti
74%
Catania
74%
Reggio Calabria
74%
Savona
74%
Verona
74%
Lodi
73%
Mantova
73%
Messina
73%
Salerno
73%
Catanzaro
72%
Foggia
72%
Livorno
72%
Perugia
72%
Caserta
71%
Latina
71%
Modena
71%
Parma
71%
Potenza
71%
Vicenza
71%
Alessandria
70%
Cuneo
70%
Lecce
70%
Sondrio
70%
Pavia
69%
Reggio Emilia
69%
Benevento
68%
Matera
68%
Novara
68%
Biella
67%
Pordenone
67%
Sassari
67%
Varese
67%
Avellino
66%
Enna
66%
Prato
66%
Ravenna
66%
Trapani
66%
Frosinone
65%
Lucca
65%
Piacenza
65%
Siracusa
65%
Arezzo
64%
Belluno
64%
Ferrara
64%
Siena
64%
Taranto
64%
Crotone
62%
Gorizia
62%
Agrigento
61%
Cosenza
61%
Grosseto
61%
Pescara
61%
Barletta
60%
Isernia
60%
Nuoro
60%
Rieti
60%
Treviso
60%
Vercelli
60%
Rovigo
59%
Terni
59%
Viterbo
59%
Caltanissetta
57%
Cesena
57%
Forlì
57%
Pistoia
57%
Verbania
57%
Brindisi
56%
Ragusa
56%
Pesaro
55%
Massa
54%
Vibo Valentia
54%
Chieti
53%
Carrara
51%
Oristano
50%
Andria
49%
Trani
49%
Urbino
49%
Macerata
46%
Teramo
44%
Fermo
43%
Ascoli Piceno
41%
Carbonia
28%
Nessun quiz corrispondente trovato
Distribuzione punteggi
Percentuale di utenti per punteggio
Percentile per numero di risposta
I tuoi punteggi nel tempo
Non hai fatto questo quiz